[Event "EU-ch blitz"]
[Site "Katowice"]
[Date "2017.12.15"]
[Round "3"]
[White "Korbal, Arkadiusz"]
[Black "Ladva, Ottomar"]
[Result "0-1"]
[WhiteElo "2181"]
[BlackElo "2522"]
[PlyCount "186"]
[EventDate "2017.12.15"]
[EventType "swiss (blitz)"]
[EventRounds "22"]
[EventCountry "POL"]
[SourceTitle "CBM 182 Extra"]
[Source "ChessBase"]
[SourceDate "2018.02.23"]
[SourceVersion "1"]
[SourceVersionDate "2018.02.23"]
[SourceQuality "1"]

1. d4 Nf6 2. c4 e6 3. Nf3 a6 4. g3 b5 5. Nbd2 Bb7 6. Bg2 c5 7. dxc5 Bxc5 8. 0-0 0-0 9. Nb3 Be7 10. cxb5 axb5 11. Bf4 d5 12. Qd3 b4 13. Rfc1 Ba6 14. Qd1 Nbd7 15. Nfd4 Qb6 16. Rc6 Qd8 17. Rac1 e5 18. Rxa6 Rxa6 19. Nc6 Rxc6 20. Rxc6 exf4 21. Nd4 fxg3 22. hxg3 Ne5 23. Ra6 Bc5 24. Nb3 Bb6 25. Qd2 Ne4 26. Bxe4 dxe4 27. Qxb4 Bc7 28. Qxe4 Ng6 29. Nc5 Re8 30. Qc2 h6 31. b4 Be5 32. Nd3 Bd4 33. e3 Bf6 34. Rc6 Ne5 35. Nxe5 Bxe5 36. a4 Qd5 37. Rc8 Rxc8 38. Qxc8+ Kh7 39. Qc2+ g6 40. b5 Bd6 41. Qb2 Bb8 42. a5 Qd1+ 43. Kg2 Qd5+ 44. Kg1 Qc5 45. Qb3 Kg7 46. Qb2+ Kg8 47. a6 Ba7 48. Qb3 h5 49. Kg2 Bb6 50. Qd3 Kg7 51. Qb3 Ba7 52. Qd3 Bb6 53. Qb3 Qf5 54. Qc3+ Kg8 55. Qc6 Qc5 56. Qd7 Kg7 57. Qe8 g5 58. Qd7 g4 59. Qe8 Qd5+ 60. Kh2 Qf5 61. Kg1 Qc5 62. Qd7 Kg6 63. Qd3+ Kg7 64. Qb3 Qe5 65. Qd3 Qc5 66. Qb3 Kg8 67. Qd3 Qe5 68. Qb3 h4 69. gxh4 g3 70. Kg2 gxf2 71. Kxf2 Qh2+ 72. Kf3 Qh3+ 73. Ke2 Qxh4 74. Qd5 Qg3 75. Qb3 Qg2+ 76. Kd3 Qf3 77. Kc4 Qe4+ 78. Kc3 Qxe3+ 79. Kc4 Qxb3+ 80. Kxb3 f5 81. Kc4 f4 82. Kd5 f3 83. Kc6 f2 84. Kxb6 f1Q 85. a7 Qf3 86. Kc7 Qa8 87. b6 Kf7 88. b7 Qxa7 89. Kc8 Qc5+ 90. Kb8 Ke7 91. Ka8 Qa5+ 92. Kb8 Ke8 93. Kc8 Qd8# 0-1

[Event "Police Gniota Memorial 32nd"]
[Site "Police"]
[Date "2017.07.10"]
[Round "6"]
[White "Krzywda, Andrzej"]
[Black "Korbal, Arkadiusz"]
[Result "0-1"]
[WhiteElo "2180"]
[BlackElo "2156"]
[PlyCount "134"]
[EventDate "2017.07.05"]
[EventType "swiss"]
[EventRounds "9"]
[EventCountry "POL"]
[SourceTitle "EXT 2018"]
[Source "ChessBase"]
[SourceDate "2017.10.13"]
[SourceVersion "1"]
[SourceVersionDate "2017.10.13"]
[SourceQuality "1"]

1. e4 e5 2. Nf3 Nc6 3. Bc4 Bc5 4. c3 Nf6 5. d3 d6 6. Bb3 0-0 7. 0-0 a6 8. a4 Ba7 9. h3 Ne7 10. Re1 Ng6 11. Na3 h6 12. Nc4 Be6 13. a5 Nh5 14. Be3 Nhf4 15. d4 Qd7 16. Nh2 Qb5 17. d5 Bc8 18. Bxa7 Rxa7 19. Ne3 f5 20. exf5 Bxf5 21. Nxf5 Rxf5 22. Nf3 Ra8 23. Bc2 Rf6 24. Nd2 Raf8 25. b4 Qd7 26. Re3 Nh4 27. Be4 Qf7 28. Nf1 Nfxg2 29. Bxg2 Nxg2 30. Rg3 Nh4 31. Qg4 Rxf2 32. Ne3 Rf4 33. Qe2 Nf5 34. Nxf5 Qxf5 35. Qg2 Rf7 36. Ra2 Qb1+ 37. Kh2 Qxa2 38. Rxg7+ Rxg7 39. Qxa2 Rgf7 40. Qa4 Re7 41. Qd1 e4 42. Qg1+ Kh7 43. Qd4 Rf5 44. Kg3 e3 45. Qd3 Kg6 46. Qe2 Rg5+ 47. Kf3 Rf5+ 48. Kg3 Rxd5 49. h4 h5 50. Qc2+ Rf5 51. Qe2 d5 52. Kh3 c6 53. Qg2+ Kf7 54. Qe2 Re4 55. Kg3 Kg6 56. c4 d4 57. c5 Kf6 58. Kh3 Ref4 59. Qc4 e2 60. Qxe2 Rf3+ 61. Kg2 Rf2+ 62. Qxf2 Rxf2+ 63. Kxf2 Ke5 64. Ke2 Ke4 65. Kd2 d3 66. Kd1 Kd4 67. Kd2 Kc4 0-1